Normal view
MARC view
Entry Personal Name
001 - CONTROL NUMBER
- control field: 16881
003 - CONTROL NUMBER IDENTIFIER
- control field: OSt
005 - DATE AND TIME OF LATEST TRANSACTION
- control field: 20240117082416.0
008 - FIXED-LENGTH DATA ELEMENTS
- fixed length control field: 240117|| aca||aabn | a|a d
040 ## - CATALOGING SOURCE
- Original cataloging agency: OSt
- Transcribing agency: OSt
100 ## - HEADING--PERSONAL NAME
- Personal name: Nichols, Wilmer W
670 ## - SOURCE DATA FOUND
- Source citation: Work cat.: (OSt)8261: Nichols, Wilmer W., McDonald's blood flow in arteries :, 1998.
